00353pab a2200121 454500008004000000100001800040245007000058260000900128300001200137362000800149650002600157773004800183180718b2002 xxu||||| |||| 00| 0 eng d aLong, Malcoln aBeyond traditional boundaries: government in the information age. c2002 ap.3-12. aMar aPublic administration aAustralian Journal of Public Administration